000 00626nam a2200157 4500
008 160430b xxu||||| |||| 00| 0 eng d
020 _a9715425070
082 _22006
_aDFil 899.2101
_bAk5
245 _aAng aklat likhaan ng dula 1997-2003:
_bkapangahasan bilang kaligtasan/
_cRene O. Villanueva and Victor Emmanuel Carmelo D. Nadera Jr.
260 _aQuezon City:
_bThe University of the Philippines Press,
_cc2006.
300 _ax, 619 pages;
_c23 cm.
650 0 _96877
_aPhilippine drama
700 _96878
_aVillanueva, Rene O.
_eeditor
700 _96879
_aNadera, Victor Emmanuel Carmelo D. Jr.
_eeditor
942 _2ddc
_cDFIL
999 _c2123
_d2123